Responses for show #4263 - Wednesday, February 26, 2003

(Sofia: I'm at the Science Museum of Minnesota, trying to figure out what this is for; find out with me on Jeopardy!.)

Contestants

Barb Juengling, a director of assessment & accountability from Fort Thomas, Kentucky

Tom Inskeep, an administrative assistant from Coral Gables, Florida

Alex Gershman, a research consultant from Falls Church, Virginia (whose 1-day cash winnings total $25,000)

Jeopardy! Round responses

MOUNTAINS
ALBUMS
LIBROS EN ESPANOL
POLITICS
POTPOURRI
POTABLE WORDS
    $200 26
Mount Ararat

Alex
    $200 6
Sgt. Pepper's Lonely Hearts Club Band

Tom
    $200 1
"Lord of the Flies"

Alex
    $200 11
right-wing

Barb
    $200 21
Penny

Alex
    $200 12
gin

Tom
    $400 27
Mount Fuji

Tom
    $400 7
Don Henley

Tom
    $1,000 2
"The Old Man and the Sea"

Alex
    $400 13
Communist Party

Triple Stumper
    $400 22
nickel

Alex
    $400 14
port

Alex
    $600 28
Greece

Tom
    $600 8
The Cars

Tom
    $600 3
(Alex: What is "Hearts in the Atlantic?")

"Hearts in Atlantis"

AlexTom
    $600 18
(Tom: What is a caucus?)
...
(Alex Trebek: We have discovered that there are some caucuses that do select candidates for elections, the Iowa caucus among them, so Tom, we're going to give you money for a correct response.)

primaries

AlexTom
    $600 23
dime

Alex
    $600 15
"Brandy"

Alex
    $800 29
(Barb: What is Mount Whitney?)

Mount McKinley

AlexBarb
    $800 9
Rattle and Hum

Alex
    $800 4
"Slaughterhouse Five"

Tom
    $800 19
ticket

Alex
    $800 24
quartermaster

Tom
    $800 16
punch

Alex
    $1000 30
(Tom: What is Kilimanjaro?)

Mount Kenya

Tom
Triple Stumper
    $1000 10
Smashing Pumpkins

Alex
    $1000 5
"The Little Prince"

Alex
    $1000 20
proxy

Barb
    $1000 25
(Alex Trebek: If you noticed the theme building, we had penny, nickel, dime, quarter, and in this case, it's [*]. We have a minute to go, Tom.)

Dollar Rent-a-Car

Triple Stumper
    $1000 17
coke

Triple Stumper

Scores at the first commercial break (after clue 15):

Alex Tom Barb
$4,400 $2,800 $200

Scores at the end of the Jeopardy! Round:

Alex Tom Barb
$8,800 $4,200 $400

Double Jeopardy! Round responses

WRITERS' PLOTS
WELL TRAINED
THE "BIG" PICTURE
19th CENTURY WOMEN
-OLOGIES
QUESTIONABLE ANAGRAMS
    $400 1
Edgar Rice Burroughs

Barb
    $400 11
bullet train

Alex
    $400 4
Big Daddy

Tom
    $400 12
Louisa May Alcott

Barb
    $400 15
psychology

Tom
    $400 16
funeral

Alex
    $800 2
Dylan Thomas

Tom
    $800 25
(Alex T.: With a minute to go.)

Chicago

Alex
    $800 5
Little Big Man

Barb
    $800 13
(Barb: Who is Catherine the Great?)
(Alex: Who is Alexandra?)

Queen Victoria

AlexBarb
Triple Stumper
    $800 21
microbiology

Alex
    $800 17
violence

Tom
    $1200 3
Clement Clarke Moore

Triple Stumper
    $1200 26
(Tom: What is Mexico?)

Peru

Tom
Triple Stumper
    $1200 8
The Big Easy

Barb
    $1200 14
(Alex: Who was John Paul Jones?)

Admiral Nelson

Alex
Triple Stumper
    $1200 22
Kremlinology

Alex
    $1200 18
evangelist

Triple Stumper
    $1600 6
(Alex: What is Copenhagen?)

Oslo, Norway

AlexBarb
    $1600 27
Orient Express

Alex
    $1600 9
Big Fat Liar

Triple Stumper
    $500 29
(Alex: Who is Susan B. Anthony?)
...
[The end-of-round signal sounds.]

Amelia Bloomer

Alex
    $1600 23
phrenology

Alex
    $1600 19
Nashville

Tom
    $2000 7
George Orwell

Triple Stumper
    $2,000 28
(Alex: What is China?)

Australia (goes from Perth to Sydney)

Alex
    $2000 10
The Big Lebowski

Tom
    $2000 24
physiology

Triple Stumper
    $2000 20
Marie Osmond

Triple Stumper

Scores at the end of the Double Jeopardy! Round:

Alex Tom Barb
$9,500 $9,000 $4,000

[wagering suggestions for these scores]

Final Jeopardy! Round responses

THE WESTERN HEMISPHERE
(Alex: Narrows it down, doesn't it?)
(Alex Trebek: [*]: Creoles, slave descendants that speak English and a version of English.)
BarbWhat is Ecuador?
$3,995
TomWhat is Brazil French Guiana
$600
AlexWhat is Panama?
$8,501
Belize

Final scores:

Alex Tom Barb
$999 $8,400 $5
2nd place: $2,000 New champion: $8,400 3rd place: $1,000

Game dynamics:

Coryat scores:

Alex Tom Barb
$11,400 $9,000 $4,000
22 R
(including 1 DD),
6 W
(including 2 DDs)
16 R,
2 W
7 R,
2 W

Combined Coryat: $24,400

The J! Archive is created by fans, for fans. The Jeopardy! game show and all elements thereof, including but not limited to copyright and trademark thereto, are the property of Jeopardy Productions, Inc. and are protected under law. This website is not affiliated with, sponsored by, or operated by Jeopardy Productions, Inc. Join the discussion at JBoard.tv.